000 00526nam a2200181Ia 4500
008 220216s9999 xx 000 0 und d
100 _aAbe T
245 0 _aStrain distribution in rubber composites after tensile deformation
260 _bProceedings of the International Rubber Conference, Kobe, Japan, 1995; p135-138
650 _aRubber composites
650 _aTensile deformation
700 _aHashizume M
700 _aNagaki S
700 _aOchi M
700 _aShimizu I
700 _aTakesue K
942 _cJS
999 _c69355
_d69355